Southville International School and Colleges
Your cart is empty.
  • Cart
  • Lists
    Public lists Eva Luna New books Lux_list list_1
    Your lists Log in to create your own lists
  • Log in to your account
  • Your cookies
  • Search history
Southville International School and Colleges
  • Advanced search
  • Recent comments
  • Most popular
  • Libraries

Log in to your account

Log in with GOOGLE


If you do not have an external account, but do have a local account, you can still log in:

  1. Home
  2. MARC view: Operations management :
Normal view MARC view ISBD view

Operations management : (Record no. 283710)

[ view plain ]
MARC details
000 -LEADER
fixed length control field 00885cam a2200277 a 4500
001 - CONTROL NUMBER
control field SSB026252
003 - CONTROL NUMBER IDENTIFIER
control field PILC
005 - DATE AND TIME OF LATEST TRANSACTION
control field 20150304123243.0
008 - FIXED-LENGTH DATA ELEMENTS--GENERAL INFORMATION
fixed length control field 090824s2011 njua b 001 0 eng
010 ## - LIBRARY OF CONGRESS CONTROL NUMBER
LC control number 2009034089
020 ## - INTERNATIONAL STANDARD BOOK NUMBER
International Standard Book Number 9780136119418
020 ## - INTERNATIONAL STANDARD BOOK NUMBER
International Standard Book Number 9789814586818
035 ## - SYSTEM CONTROL NUMBER
System control number (OCoLC)ocn434125294
040 ## - CATALOGING SOURCE
Original cataloging agency DLC
Transcribing agency DLC
Modifying agency YDX
-- YDXCP
-- DLC
050 00 - LIBRARY OF CONGRESS CALL NUMBER
Classification number TS 155
Item number .H366 2014
100 1# - MAIN ENTRY--PERSONAL NAME
Personal name Heizer, Jay H.
245 10 - TITLE STATEMENT
Title Operations management :
Statement of responsibility, etc Jay Heizer, Barry Render.
Remainder of title sustainability and supply chain management /
250 ## - EDITION STATEMENT
Edition statement 11th ed.
260 ## - PUBLICATION, DISTRIBUTION, ETC. (IMPRINT)
Place of publication, distribution, etc Upper Saddle River, N.J. :
Name of publisher, distributor, etc Prentice Hall,
Date of publication, distribution, etc c2014.
300 ## - PHYSICAL DESCRIPTION
Extent xxx, 832, [53] pages :
Other physical details colored illustrations ;
Dimensions 27 cm.
504 ## - BIBLIOGRAPHY, ETC. NOTE
Bibliography, etc Includes bibliographical references and indexes.
521 ## - TARGET AUDIENCE NOTE
Target audience note Business Administration
650 #0 - SUBJECT ADDED ENTRY--TOPICAL TERM
Topical term or geographic name as entry element Production management.
700 1# - ADDED ENTRY--PERSONAL NAME
Personal name Render, Barry.
942 ## - ADDED ENTRY ELEMENTS (KOHA)
Source of classification or shelving scheme Library of Congress Classification
Koha item type Books
Holdings
Withdrawn status Lost status Source of classification or shelving scheme Damaged status Home library Current library Shelving location Date acquired Source of acquisition Sub Shelving location Total Checkouts Total Renewals Full call number Barcode Checked out Date last seen Date checked out Price effective from Koha item type
    Library of Congress Classification   College Library College Library Reserve Section 03/04/2015 Library Fund   8 39 TS 155 .H366 2014 C19167 10/19/2022 10/05/2022 10/05/2022 03/04/2015 Books

Operations management :

APA

Heizer J. H., Render B., . (2014). Operations management. Upper Saddle River, N.J: Prentice Hall.

Chicago

Heizer Jay H, Render Barry, . 2014. Operations management. Upper Saddle River, N.J: Prentice Hall.

Harvard

Heizer J. H., Render B., . (2014). Operations management. Upper Saddle River, N.J: Prentice Hall.

MLA

Heizer Jay H, Render Barry, . Operations management. Upper Saddle River, N.J: Prentice Hall. 2014.

  • Place hold
  • Print
  • Cite
  • Add to your cart (remove)
  • Save record
    BIBTEX Dublin Core MARCXML MARC (non-Unicode/MARC-8) MARC (Unicode/UTF-8) MARC (Unicode/UTF-8, Standard) MODS (XML) RIS
  • More searches
    Search for this title in:
    Other Libraries (WorldCat) Other Databases (Google Scholar) Online Stores (Bookfinder.com) Open Library (openlibrary.org)

Exporting to Dublin Core...

SOUTHVILLE LIBRARY

Southville International School and Colleges Library

1281 Tropical Ave. Cor. Luxembourg St., BF Homes International, Las Pinas City

Tel. No. 8256374 / 252358 Loc. 117/146

Powered by Koha